Contemporary Pshychology and Effective Behavior (Record no. 12820)

000 -LEADER
fixed length control field 00405nam a22001577a 4500
020 ## - INTERNATIONAL STANDARD BOOK NUMBER
International Standard Book Number 0673078922
082 ## - DEWEY DECIMAL CLASSIFICATION NUMBER
Classification number 150 COL
100 ## - MAIN ENTRY--PERSONAL NAME
Personal name Coleman, James C.
245 ## - TITLE STATEMENT
Title Contemporary Pshychology and Effective Behavior
260 ## - PUBLICATION, DISTRIBUTION, ETC.
Place of publication, distribution, etc. England
Name of publisher, distributor, etc. Scott, Foresman and Company
Date of publication, distribution, etc. 1974
300 ## - PHYSICAL DESCRIPTION
Extent 562 p.
Other physical details ill.;
500 ## - GENERAL NOTE
General note Includes index
650 ## - SUBJECT ADDED ENTRY--TOPICAL TERM
Topical term or geographic name entry element Psychology
700 ## - ADDED ENTRY--PERSONAL NAME
Personal name Hammen, Constance L.
942 ## - ADDED ENTRY ELEMENTS (KOHA)
Koha item type Book
Holdings
Withdrawn status Lost status Damaged status Not for loan Collection code Permanent Location Current Location Shelving location Date acquired Source of acquisition Cost, normal purchase price Total Checkouts Full call number Barcode Date last seen Price effective from Koha item type
          Central Library (CL) Central Library (CL) General Stacks 04/02/2014 Donation 0.00   150 COL SEECSD01008 03/31/2014 03/31/2014 Book
© 2023 Central Library, National University of Sciences and Technology. All Rights Reserved.